|
|
|
|
| LEADER |
00000nam a2200000 a 4500 |
| 001 |
vtls001423282 |
| 003 |
SK-MaSNL |
| 005 |
20260301202524.0 |
| 008 |
240318sm y0 xo 0 und |
| 035 |
|
|
|a SNK000378155
|
| 040 |
|
|
|a SNK
|b slo
|c SNK
|e AACR2
|
| 044 |
|
|
|a xo
|c SK
|
| 100 |
1 |
|
|a Babey, Jacques
|4 aut
|9 584661
|
| 245 |
1 |
0 |
|a Tabakový výrobok, spôsob jeho výroby a zariadenie na jeho vykonávanie. A 24C 5/18
|
| 260 |
|
|
|a Banská Bystrica
|b Úrad priemyselného vlastníctva SR
|c 2001
|
| 300 |
|
|
|c 7 s.
|
| 999 |
|
|
|c 899141
|d 901071
|
| 952 |
|
|
|t P60, <04>, [BOOK], {604}
|a SNK
|b SNK
|y VYP
|7 0
|p 17A0318996
|o snkSK 281668
|i snkPS 925/2001
|0 0
|1 0
|4 0
|d 2001-10-30
|l 0
|r 2005-01-02 00:00:00
|w 2026-02-24
|